Quiz sur Puteaux - Statistiques

Statistiques générales
  • Ce quiz a été pris 41 fois
  • Le résultat moyen est 8 sur 15
Statistiques - réponses
Hint Réponse % Correct
Quel quartier d'affaires majeur se trouve en partie dans Puteaux ? La Défense
100%
Dans quel département se trouve Puteaux ? Hauts-de-Seine
87%
Quelles sont les communes limitrophes à Puteaux Nanterre
73%
Combien de ponts à Puteaux traversent la Seine (passerelle incluse) ? 3
70%
Quelles sont les communes limitrophes à Puteaux Courbevoie
67%
Quel célèbre surintendant et compositeur à la cour de Louis XIV a eu une résidence secondaire à Puteaux (le conservatoire de la ville porte son nom) ? Jean-Baptiste Lully
60%
Quelles sont les communes limitrophes à Puteaux Neuilly-sur-Seine
57%
Quelles sont les communes limitrophes à Puteaux Suresnes
57%
Quelle immeuble est la plus grande tour d'habitation de France (134m) ? Défense 2000
53%
Quel constructeur automobile s'est installé à Puteaux et a donné son nom au quai bordant la scène ? Dion-Bouton
40%
Qui est la maire de Puteaux depuis avril 2004 ? Joëlle Ceccaldi-Raynaud
40%
Quel film avec Louis de Funès et Coluche a en partie été filmé à Puteaux ? L'Aile ou la Cuisse
40%
Quel est le nom du programme mis en place par la mairie pour donner de la voix aux CM2 et 4e Conseil Communal des Jeunes
30%
Quelle ville allemande est jumellée à Puteaux et donne son nom à un parc Offenbach am Main
3%
Quel chef triplement étoilé par Michelin depuis 2007 est né à Puteaux ? Yannick Alléno
3%
Aucun quiz correspondant
Distribution des résultats
% des personnes avec chaque résultat
Percentile par nombre de réponses
Votre historique - résultats
Vous n’avez pas pris ce quiz